Cities by Continent - Click Quiz - Statistics

General Stats
  • This quiz has been taken 53 times
  • The average score is 17 of 20
Answer Stats
Hint Answer % Correct
Venice 4. Europe
100%
Chengdu 3. Asia
98%
Chicago 5. North America
96%
La Paz 7. South America
96%
Karachi 3. Asia
94%
Belfast 4. Europe
94%
Perth 6. Oceania
94%
Guadalajara 5. North America
92%
Christchurch 6. Oceania
92%
Tel Aviv 3. Asia
90%
Lyon 4. Europe
90%
Thessaloniki 4. Europe
90%
Accra 1. Africa
86%
Santo Domingo 5. North America
82%
Khartoum 1. Africa
80%
Belo Horizonte 7. South America
80%
Port Moresby 6. Oceania
76%
Rosario 7. South America
74%
Port Elizabeth 1. Africa
60%
McMurdo Station 2. Antarctica
46%
No matching quizzes found
Score Distribution
Percent of People with Each Score
Percentile by Number Answered
Your Score History
You have not taken this quiz